000 00446nam a2200181Ia 4500
001 19412
005 20260306172651.0
008 260306t1969||||xx |||||||||||||| ||spa||
041 _aESP
082 _a659.2
_bL51
100 _aLesly, Philip
_eAUT
245 0 _aManual de Relaciones Públicas:
_bPrincipios generales y organización
260 _c1969
300 _a
_c23 cm.
650 _aGEN
654 _aCAN
942 _cLIB
_dJUS
_fJUS
_2ddc
_n
999 _c19412
_d19412